00514nam a2200157Ia 4500020001500000082001900015245005300034260003300087300001300120440003500133504001900168650006000187650004600247650004100293700002200334 a0700706143 a333.70954 STA- 0aState, society and the environment in South Asia aRichmondbCurzon Pressc1999 axi, 337p aMan and nature in Asia series  aincludes index aEconomic developmentvEnvironmental aspectszSouth Asia aNatural resourcesvSouth AsiavManagement aEnvironmetal degradationzSouth Asia aMadsen, Stig Toft